Trastornos de la mujer joven : (Record no. 40758)

MARC details
000 -LEADER
campo de control de longitud fija 00509nam a2200181 i 4500
001 - NÚMERO DE CONTROL
campo de control 40758
003 - IDENTIFICADOR DE NÚMERO DE CONTROL
campo de control ES-MaACL
005 - FECHA Y HORA DE LA ÚLTIMA TRANSACCIÓN
campo de control 20230906160313.0
007 - CAMPO FIJO DE DESCRIPCIÓN FÍSICA--INFORMACIÓN GENERAL
campo de control de longitud fija t|
008 - DATOS DE LONGITUD FIJA--INFORMACIÓN GENERAL
campo de control de longitud fija 030307s1961 sp ||||1| spa d
080 ## - NÚMERO DE LA CLASIFICACIÓN DECIMAL UNIVERSAL
Número de la Clasificación Decimal Universal 618.17-008.8
100 1# - ENTRADA PRINCIPAL--NOMBRE DE PERSONA
Nombre de persona Cardús, José.
9 (RLIN) 35214
245 10 - MENCIÓN DEL TÍTULO
Título Trastornos de la mujer joven :
Resto del título la menstruación /
Mención de responsabilidad, etc. José Cardús.
260 ## - PUBLICACIÓN, DISTRIBUCIÓN, ETC.
Lugar de publicación, distribución, etc. [Madrid :
Nombre del editor, distribuidor, etc. s.n.,
Fecha de publicación, distribución, etc. 1961] (
Fabricante Gráf. MAG)
300 ## - DESCRIPCIÓN FÍSICA
Extensión 24 p, ;
Dimensiones 21 cm.
650 #4 - PUNTO DE ACCESO ADICIONAL DE MATERIA--TÉRMINO DE MATERIA
Término de materia o nombre geográfico como elemento de entrada Menstruación.
9 (RLIN) 174292
852 4# - LOCALIZACIÓN
Ubicación ES-MaACL
Número de control de estantería 2021-F-21
Holdings
Estatus retirado Estado de pérdida Estado de daño No para préstamo Colección Biblioteca de origen Biblioteca actual Ubicación en estantería Fecha de adquisición Fuente de adquisición Total de préstamos Signatura topográfica completa Código de barras Visto por última vez Precio de reemplazo Tipo de ítem Koha
        Colección de folletos Biblioteca del Ateneo de Madrid Biblioteca del Ateneo de Madrid Depósito folletos 17/01/2008     2021-F-21 1042907 23/02/2023 23/02/2023 Folleto